000 01455nam0a2200361 4500
001 RU\NLR\bibl\1292173
005 20250615144551.0
010 _a978-5-469-00736-4
_93000
021 _aRU
_b2008-73681
_94236
035 _a(nilc)EL/0000210233
035 _a(NLR Aleph) 001277838
090 _a479967
_c479967
100 _a20080819d2008 |||y0rusy50 ca
101 0 _arus
102 _aRU
105 _ay |||||||||
200 1 _aАудит
_eтеория и практика
_e[организация, документация, методы]
_fЮ. Ю. Кочинев
_gпод ред. Н. Л. Вещуновой
205 _a3-е изд.
210 _aСанкт-Петербург [и др.]
_cПитер
_d2008
215 _a378, [1] с.
_d21
225 1 _aБухгалтеру и аудитору
300 _aНа 4-й с. обл. авт.: Кочинев Ю. Ю., к.т.н., доц.
320 _aБиблиогр. в конце кн. (25 назв.)
606 1 _aАудит
_jРуководства, пособия и т.п.
_yРоссийская Федерация
_92075686
_3RU\NLR\auth\661250767
686 _a65.052.8я81
_vLBC/M
_2rubbk
686 _aУ052.9(2)2-218я7
700 1 _aКочинев
_bЮ. Ю.
_gЮрий Юрьевич
_4070
801 0 _aRU
_bНБР Карелия
_c20080819
_grcr
801 1 _aRU
_bНБР Карелия
_c20080819
801 2 _aRU
_bNLR
_c20081107
_grcr
942 _cBOOK
980 _aNB